Вычисления на калькуляторе Электроника Б3-34: учебное пособие

Бібліографічні деталі
Автор: Алимов В. И. Владимир Иванович
Співавтор: Томский политехнический институт (ТПИ)
Мова:Російська
Опубліковано: Томск, Изд-во ТПИ, 1984
Предмети:
Формат: Книга
KOHA link:https://koha.lib.tpu.ru/cgi-bin/koha/opac-detail.pl?biblionumber=296985

MARC

LEADER 00000nam0a2200000 4500
001 296985
005 20231102000949.0
035 |a (RuTPU)RU\TPU\book\322105 
090 |a 296985 
100 |a 20150604d1984 m y0rusy50 ca 
101 0 |a rus 
102 |a RU 
105 |a a j 001zy 
200 1 |a Вычисления на калькуляторе Электроника Б3-34  |e учебное пособие  |f В. И. Алимов  |g Томский политехнический институт (ТПИ) 
210 |a Томск  |c Изд-во ТПИ  |d 1984 
215 |a 95 с.  |c ил. 
320 |a Библиогр.: с. 92 
606 1 |a Калькуляторы  |x Вычисление  |2 stltpush  |3 (RuTPU)RU\TPU\subj\13554  |9 40144 
610 1 |a программы 
610 1 |a расчеты 
610 1 |a определение 
610 1 |a учебные пособия 
675 |a 621.311-5(075.8)  |v 3 
700 1 |a Алимов  |b В. И.  |g Владимир Иванович 
712 0 2 |a Томский политехнический институт (ТПИ)  |c (1944-1991)  |2 stltpush  |3 (RuTPU)RU\TPU\col\1123 
801 1 |a RU  |b 63413507  |c 20150604 
801 2 |a RU  |b 63413507  |c 20180522  |g RCR 
942 |c BK